=LDR 00000nam 2200000 4500 =001 INLIS000000000046183 =005 20150220092000.0 =006 =007 =008 =020 ##$$a 978-602-8136-046-4 =035 ##$$0010-021500000000744 =040 ##$$a NBPDMAT =082 ##$$a 639.3 =090 ##$$a 639.3 $b Ria m =100 ##$$a Ria Novitasari =245 ##$$a Mengenal Kehidupan di Laut/ $c Ria Novitasari =250 ##$$a Cet. 1 =260 ##$$a Bandung $b April media $c 2009 =300 ##$$a vi, 50 hlm $b ilus $c 21 cm =500 ##$$a Bibliografi : hlm. 50 =650 ##$$a Kehidupan Laut - Ikan